Sports Quiz

Random Sports or NFL Quiz

4 NFL Teams, 1 Thing in Common Quiz Stats

 Plays Quiz Updated Apr 25, 2019

Score 0/16 Timer 05:00
21 Plays Today
% Correct
Never played in the Super Bowl
71.7%
Team name is 7 letters long
70.1%
Lost to the Patriots in a Super Bowl
68.5%
Franchise's first season was after 1990
66.9%
Lost 2 or more Super Bowls without winning one
66.4%
Home state borders Arkansas
63.6%
Have relocated at least once after 1980
63.2%
AFC Central Division Member from 1999-2001
62.5%
% Correct
Team Bill Parcells was Head Coach
61.4%
Franchise started before 1940
59.8%
Team Vinny Testaverde played for
58.9%
Beat the Broncos in the Super Bowl
58.4%
Never lost the Super Bowl, while playing at least one
56%
One of the original 8 AFL teams in 1960
52.4%
Winners of at least 2 Super Bowls, but never consecutively
52.1%
Won back-to-back Super Bowls
50.4%

You're not logged in!

Compare scores with friends on all Sporcle quizzes.
OR
Log In

Sporcle TV

Today on Sporcle TV


Watch our educational content, quiz creation guides, and fun videos on Sporcle TV.

Show Comments

Extras

Top Quizzes Today


Score Distribution

Your Account Isn't Verified!

In order to create a playlist on Sporcle, you need to verify the email address you used during registration. Go to your Sporcle Settings to finish the process.

Report this User

Report this user for behavior that violates our Community Guidelines.

Details: